000 00853cam a2200217 4500
001 WB3731-42
008 010808n2001 000 0 eng u
035 _a(Sirsi) u114030
245 _aRegeneration good practice
260 _c2001
490 _aUrban Environment Today
_v(127) 2 August 2001, 1 (1)
520 _aThe Neighbourhood Renewal Unit is publishing a strategy for local strategic partnerships to share good practice amongst regeneration agencies in their areas. The strategy would require civil servants at national and regional level to make good practice widely available.
590 _aWB
650 _aLOCAL STRATEGIC PARTNERSHIPS
650 _aREGENERATION AGENCIES
650 _aSOCIAL EXCLUSION UNIT
650 _aBRITISH URBAN REGENERATION ASSOCIATION
650 _aBEST PRACTICE
690 _aREGENERATION
942 _n0
999 _c67965
_d67965